000 00387 a2200109 4500
001 ART_43663
005 20260410161943.0
008 260409a
245 1 0 _aEl Programa Nacional de Reparación Histórica de Jubilados y Pensionados ente los superiores tribunales
100 1 _aCarnota, Walter F.
773 0 _tTemas de derecho laboral
_g- Nº 9 (sep. 2017)
_wREV27619
999 _c29667
_d29667